00469nam a2200169Ia 450000500170000000800410001704000190005804100120007708200130008924500600010226000310016230000110019344000330020465000290023770000230026685000100028920230204092501.0131103s9999 xx 000 0 und d aLoreto College aEnglish a882bSOP 4aThe Antigone of Sophoclesctranslated by Lewis Campbell aLondonbT.Nelsonc[19 - ?] a56 p.  aThe Nelson Playbooks; No.300 aSophocles,4496 -406 B.C. aCampbell,Lewis,tr. aLCLIB